000 00872nam a2200241 a 4500
001 BRCA_8029
005 20190320210113.0
008 210314s1970----mx-a###f##---#001-0#spa-#
041 _aspa
044 _amx
050 4 _aN6557
_b.X62
_c1970
245 1 0 _aEl retablo de San Bernardino de Sena en Xochimilco
_bestudio formal y simbólico-religioso.
260 _aMéxico
_bUNAM
_c1970
300 _a47 p.
_bil., 12 láminas
_c23 cm.
500 _a3174
500 _aSuplemento 2 del núm. 39 de los Anales del Instituto de Investigaciones Estéticas 1969
600 1 4 _aBernardino de Sena, San
_919950
610 2 4 _aIglesia Conventual de Xochimilco
_zMéxico
_919951
650 1 4 _aRetablos
_vColoniales
_zMéxico (Xochimilco, Ciudad de México)
_919952
650 1 4 _aArte sacro
_vColonial
_zMéxico (Xochimilco, Ciudad de México)
_919953
902 _aGFM
942 _2lcc
_cB
999 _c7698
_d7698